| 000 | 00451nam a2200181Ia 4500 | ||
|---|---|---|---|
| 008 | 170918s9999 xx 000 0 und d | ||
| 020 | _a571172954 | ||
| 050 | _bP869or 1994 | ||
| 100 | _aPotter, Sally | ||
| 245 | _aOrlando / | ||
| 245 | _cby Sally Potter ; based on the book by Virginia Woolf. | ||
| 260 | _aLondon : | ||
| 260 | _bFaber and Faber, | ||
| 260 | _c1994 | ||
| 300 | _a75 pages : | ||
| 300 | _billustrations ; | ||
| 300 | _c21cm. | ||
| 999 |
_c343445 _d343445 |
||